书目信息 |
| 题名: |
产品开发过程的知识创新研究
|
|
| 作者: | 纪慧生 著 | |
| 分册: | ||
| 出版信息: | 北京 经济管理出版社 2013 |
|
| 页数: | 184页 | |
| 开本: | 24cm | |
| 丛书名: | 经济管理学术文库 | |
| 单 册: | ||
| 中图分类: | F273.2 | |
| 科图分类: | ||
| 主题词: | 产品开发过程--知识创新--研究 , 产品开发过程 , 知识创新 | |
| 电子资源: | ||
| ISBN: | 978-7-5096-2537-8 | |
| 000 | 01344nam0 2200301 450 | |
| 001 | 519 | |
| 005 | 20140909091958.96 | |
| 010 | @a978-7-5096-2537-8@dCNY36.00 | |
| 100 | @a20131105d2013 em y0chiy50 ea | |
| 101 | 0 | @achi |
| 102 | @aCN@b110000 | |
| 105 | @ay z 000yy | |
| 106 | @ar | |
| 200 | 1 | @a产品开发过程的知识创新研究@AChan Pin Kai Fa Guo Cheng De Zhi Shi Chuang Xin Yan Jiu@dKnowledge innovation in the product development process@f纪慧生著@FJi Hui Sheng Zhu@zeng |
| 210 | @a北京@c经济管理出版社@d2013 | |
| 215 | @a184页@d24cm | |
| 225 | 2 | @a经济管理学术文库@i管理类 |
| 300 | @a厦门理工学院专著出版基金资助 | |
| 330 | @a本书建立了产品开发过程的知识创新分析框架,深入研究了产品开发过程的知识活动与知识创新,为产品开发过程的知识创新研究提供了理论指导和分析框架;揭示了产品开发过程的知识创新机理,提出了产品开发过程的多重知识创新螺旋理论,构建了产品开发过程的多重知识创新螺旋模型,是一个有创新的比较研究和理论应用研究;实证分析了产品开发过程的知识变量间的量化关系。 | |
| 461 | 0 | @12001 @a经济管理学术文库 |
| 510 | 1 | @aKnowledge innovation in the product development process@zeng |
| 606 | 0 | @a产品开发过程@x知识创新@x研究 |
| 606 | 0 | @a产品开发过程 |
| 606 | 0 | @a知识创新 |
| 690 | @aF273.2@v5 | |
| 701 | 0 | @a纪慧生@AJi Hui Sheng@f(1973~)@4著 |
| 801 | 0 | @aCN@bTANGWEI@c20140603 |
| 905 | @b0838090-92@dF273.2@e1051@f3 | |
| 产品开发过程的知识创新研究=Knowledge innovation in the product development process/纪慧生著.-北京:经济管理出版社,2013 |
| 184页;24cm.-(经济管理学术文库.管理类) |
| 厦门理工学院专著出版基金资助 |
| ISBN 978-7-5096-2537-8:CNY36.00 |
| 本书建立了产品开发过程的知识创新分析框架,深入研究了产品开发过程的知识活动与知识创新,为产品开发过程的知识创新研究提供了理论指导和分析框架;揭示了产品开发过程的知识创新机理,提出了产品开发过程的多重知识创新螺旋理论,构建了产品开发过程的多重知识创新螺旋模型,是一个有创新的比较研究和理论应用研究;实证分析了产品开发过程的知识变量间的量化关系。 |
| ● |
| 相关链接 |
|
|
|
|
正题名:产品开发过程的知识创新研究
索取号:F273.2/1051
 
预约/预借
| 序号 | 登录号 | 条形码 | 馆藏地/架位号 | 状态 | 备注 |
| 1 | 0838090 | 208380900 | 第一样本阅览室/ [索取号:F273.2/1051] | 在馆 | |
| 2 | 0838091 | 208380919 | 经管系资料室/ [索取号:F273.2/1051] | 在馆 | |
| 3 | 0838092 | 208380928 | 第一借阅区/ [索取号:F273.2/1051] | 在馆 |